1107 1291 1761 1953 1219 1102 1440 1477 1616 1020 1555 1189 1851 1645 1842 1179 1137 1089 1660 1834 1624 1992 1173 1741 1585 1856 1824 1576 1790 1496 1496 1581 1146 1531 1712 1686 1301 1400 1145 1262 1903 1872 1163 1399 1669 1585 1572 1798 1837 1525 1695 1885 1888 1469 1426 1765 1851 1053 1083 1968 1348 1917 1719 1638 1044 1104 1374 1734 1273 1295 1936 1027 1696 1800 1534 1531 1319 1803 1162 1595 1603 1946 1688 1238 1883 1661 1594 1603 1769 1069 1169 1185 1048 1528 1428 1418 1822 1008 1042 BCNSPRNW ULIB Ver.6.0+V

เปลี่ยนเป็นภาษาไทย

Change to English
 แสดงรายละเอียดบรรณานุกรม
  กลับหน้าหลัก

Brief Record : Get Marc (ISO 2709) : E-mail record : QR code < ปิดหน้าต่าง
LEADER : 00000nam 2200000uu 4500
001    13399110611
003     ULIB
008    110602s2551||||th 000 0 tha d
020    9789745985438
060 04 WR15^bว336ศ 2551
100 0  วรุณวรรณ ผาโคตร
245 10 ศัพท์ : ผิวหนัง ความงามและสุขภาพ =^b Vocabulary in skin Beauty and Health /^cวรุณวรรณ ผาโคตร,สิรนาถ นุชนาถ
246 31 Vocabulary in skin Beauty and Health
250    พิมพ์ครั้งที่ 1
260    กรุงเทพฯ :^bเค. เอส. พี.,^c2551
300    301 หน้า
650  2 Beauty and Health^xDictionaries
650  2 Medicine^xDictionaries
700 00 สิรนาถ นุชนาถ,^eผู้แต่งร่วม
945    ^p199^l0^i027301
945    ^p199^l0^i027300
945    ^p199^l0^i027299
995     ทศพร
999 ^a ใช้งานได้ทุกระบบ
รายการนี้ยังไม่มีแท็ก
คุณยังไม่ได้ล็อกอิน คุณสามารถมีกิจกรรมร่วมกับเว็บไซต์ได้ แต่ต้องล็อกอินก่อน ::
  ล็อกอิน

รายการสื่อสารสนเทศ

ลำดับที่ ประเภท เลขเรียก/บาร์โค้ด สถานที่ สถานะ
- ไม่พบข้อมูล -

รายการใกล้เคียง
    ผู้แต่ง [วรุณวรรณ ผาโคตร]

    หัวเรื่อง [Medicine Dictionaries]

BibComment


ยังไม่เคยถูกคอมเมนท์

คอมเมนท์ทรัพยากรรายการนี้
  คอมเมนท์: ศัพท์ ผิวหนัง คว..


 Copyright 2026. Bcnsprnw @Library